Algebra and Galois Theories (Record no. 461199)

MARC details
000 -LEADER
fixed length control field 02657nam a22004695i 4500
001 - CONTROL NUMBER
control field 978-3-030-32796-5
003 - CONTROL NUMBER IDENTIFIER
control field DE-He213
005 - DATE AND TIME OF LATEST TRANSACTION
control field 20200904104947.0
007 - PHYSICAL DESCRIPTION FIXED FIELD--GENERAL INFORMATION
fixed length control field cr nn 008mamaa
008 - FIXED-LENGTH DATA ELEMENTS--GENERAL INFORMATION
fixed length control field 200713s2020 gw | s |||| 0|eng d
020 ## - INTERNATIONAL STANDARD BOOK NUMBER
International Standard Book Number 9783030327965
-- 978-3-030-32796-5
024 7# - OTHER STANDARD IDENTIFIER
Standard number or code 10.1007/978-3-030-32796-5
Source of number or code doi
050 #4 - LIBRARY OF CONGRESS CALL NUMBER
Classification number QA150-272
072 #7 - SUBJECT CATEGORY CODE
Subject category code PBF
Source bicssc
072 #7 - SUBJECT CATEGORY CODE
Subject category code MAT002000
Source bisacsh
072 #7 - SUBJECT CATEGORY CODE
Subject category code PBF
Source thema
082 04 - DEWEY DECIMAL CLASSIFICATION NUMBER
Classification number 512
Edition number 23
100 1# - MAIN ENTRY--PERSONAL NAME
Personal name Douady, Régine.
Relator term author.
Relator code aut
-- http://id.loc.gov/vocabulary/relators/aut
245 10 - TITLE STATEMENT
Title Algebra and Galois Theories
Medium [electronic resource] /
Statement of responsibility, etc by Régine Douady, Adrien Douady.
250 ## - EDITION STATEMENT
Edition statement 1st ed. 2020.
264 #1 -
-- Cham :
-- Springer International Publishing :
-- Imprint: Springer,
-- 2020.
300 ## - PHYSICAL DESCRIPTION
Extent XXIII, 462 p. 33 illus., 6 illus. in color.
Other physical details online resource.
336 ## -
-- text
-- txt
-- rdacontent
337 ## -
-- computer
-- c
-- rdamedia
338 ## -
-- online resource
-- cr
-- rdacarrier
347 ## -
-- text file
-- PDF
-- rda
505 0# - FORMATTED CONTENTS NOTE
Formatted contents note Introduction -- Chapter 1. Zorn’s Lemma -- Chapter 2. Categories and Functors -- Chapter 3. Linear Algebra -- Chapter 4. Coverings -- Chapter 5. Galois Theory -- Chapter 6. Riemann Surfaces -- Chapter 7. Dessins d’Enfants -- Bibliography -- Index of Notation.
520 ## - SUMMARY, ETC.
Summary, etc Galois theory has such close analogies with the theory of coverings that algebraists use a geometric language to speak of field extensions, while topologists speak of "Galois coverings". This book endeavors to develop these theories in a parallel way, starting with that of coverings, which better allows the reader to make images. The authors chose a plan that emphasizes this parallelism. The intention is to allow to transfer to the algebraic framework of Galois theory the geometric intuition that one can have in the context of coverings. This book is aimed at graduate students and mathematicians curious about a non-exclusively algebraic view of Galois theory.
650 #0 - SUBJECT ADDED ENTRY--TOPICAL TERM
Topical term or geographic name as entry element Algebra.
650 14 - SUBJECT ADDED ENTRY--TOPICAL TERM
Topical term or geographic name as entry element Algebra.
-- https://scigraph.springernature.com/ontologies/product-market-codes/M11000
700 1# - ADDED ENTRY--PERSONAL NAME
Personal name Douady, Adrien.
Relator term author.
Relator code aut
-- http://id.loc.gov/vocabulary/relators/aut
710 2# - ADDED ENTRY--CORPORATE NAME
Corporate name or jurisdiction name as entry element SpringerLink (Online service)
773 0# - HOST ITEM ENTRY
Title Springer Nature eBook
776 08 - ADDITIONAL PHYSICAL FORM ENTRY
Display text Printed edition:
International Standard Book Number 9783030327958
776 08 - ADDITIONAL PHYSICAL FORM ENTRY
Display text Printed edition:
International Standard Book Number 9783030327972
776 08 - ADDITIONAL PHYSICAL FORM ENTRY
Display text Printed edition:
International Standard Book Number 9783030327989
856 40 - ELECTRONIC LOCATION AND ACCESS
Uniform Resource Identifier <a href="https://doi.org/10.1007/978-3-030-32796-5">https://doi.org/10.1007/978-3-030-32796-5</a>
912 ## -
-- ZDB-2-SMA
912 ## -
-- ZDB-2-SXMS

No items available.